Division 1 College Basketball Logos #1 - Statistics

General Stats
  • This quiz has been taken 109 times
  • The average score is 15 of 20
Answer Stats
Picture Answer % Correct
Clemson
98%
Marquette
95%
Princeton
95%
Richmond
93%
Bowling Green State
92%
Delaware
90%
Akron
86%
Long Island (LIU)
86%
Vermont
84%
Mercer
74%
North Dakota State
73%
San Jose State
73%
Boston University
71%
Florida Gulf Coast
66%
VCU
64%
Stephen F. Austin
63%
Pennsylvania
60%
Nicholls State
58%
Bethune-Cookman
57%
Texas A&M-CC
37%
No matching quizzes found
Score Distribution
Percent of People with Each Score
Percentile by Number Answered
Your Score History
You have not taken this quiz